| Tag |
First Indicator |
Second Indicator |
Subfields |
| LEADER |
00000cam a2200000 4500 |
| 001 |
in00003869639 |
| 005 |
20190415191621.0 |
| 006 |
m o d |
| 007 |
cr |n||||||||n |
| 008 |
800410s1705 enk|||| o 00||||eng c |
| 035 |
|
|
|a (CU-RivES)T40808
|
| 035 |
|
|
|a (Uk-ES)006240866
|
| 035 |
|
|
|a (OCoLC)508630562
|
| 040 |
|
|
|a Uk-ES
|c Uk-ES
|d CStRLIN
|d Cengage Gale
|d UtOrBLW
|
| 050 |
|
4 |
|a PR1269
|b .D466 1705
|
| 100 |
1 |
|
|a Dennis, John,
|d 1657-1734.
|0 http://id.loc.gov/authorities/names/n79079276
|
| 245 |
1 |
0 |
|a Gibraltar: or, The Spanish adventure :
|b A comedy. As it was acted at the Theatre in Drury-Lane. By Mr. Dennis.
|
| 264 |
|
1 |
|a London :
|b Printed for Wm. Turner, at the Angel at Lincolns Inn Back-Gate, and sold by J. Nutt, near Stationer's-Hall,
|c MDCCV. [1705]
|
| 300 |
|
|
|a 1 online resource (8 unnumbered pages, 24, 33-56, 49-70, 2 unnumbered pages)
|
| 336 |
|
|
|a text
|b txt
|2 rdacontent
|
| 337 |
|
|
|a computer
|b c
|2 rdamedia
|
| 338 |
|
|
|a online resource
|b cr
|2 rdacarrier
|
| 500 |
|
|
|a With a final leaf of epilogue.
|
| 500 |
|
|
|a Text continuous despite pagination.
|
| 510 |
4 |
|
|a English Short Title Catalog,
|c T40808.
|
| 500 |
|
|
|a Reproduction of original from British Library.
|
| 500 |
|
|
|a Electronic resource.
|
| 650 |
|
0 |
|a English drama (Comedy)
|y 18th century.
|
| 655 |
|
7 |
|a Electronic books.
|2 local
|
| 655 |
|
7 |
|a Plays.
|2 rbgenr
|
| 710 |
2 |
|
|a Gale (Firm)
|0 http://id.loc.gov/authorities/names/no2008071348
|
| 752 |
|
|
|a Great Britain
|b England
|d London.
|
| 856 |
4 |
0 |
|u http://proxy.library.tamu.edu/login?url=http://find.galegroup.com/ecco/infomark.do?contentSet=ECCOArticles&docType=ECCOArticles&bookId=1570900100&type=getFullCitation&tabID=T001&prodId=ECCO&docLevel=TEXT_GRAPHICS&version=1.0&source=library&userGroupName=txshracd2898
|z Connect to the full text of this electronic book
|t 0
|
| 999 |
f |
f |
|s 2cbe13fb-8df9-39e0-9054-85ecdebde056
|i 38657a31-1c53-3d34-974e-3d3fabfafaea
|t 0
|
| 952 |
f |
f |
|a Texas A&M University
|b College Station
|c Electronic Resources
|d Available Online
|t 0
|e PR1269 .D466 1705
|h Library of Congress classification
|
| 998 |
f |
f |
|a PR1269 .D466 1705
|t 0
|l Available Online
|